Directory of dissertations in accounting /

Bibliographic Details
Main Author: Spiceland, J. David, 1949-
Other Authors: Zekany, Kay E.
Format: Book
Language:English
Published: Princeton, NJ : Markus Wiener Publishers, 1996.
Edition:2nd ed., Updated and enl. ed.
Subjects:

MARC

Tag First Indicator Second Indicator Subfields
LEADER 00000cam a2200000 a 4500
001 in00001330516
005 20151005084443.0
008 960624s1996 nju b 000 0 eng
010 |a  96026390  
020 |a 155876142X (alk. paper) 
035 |a (OCoLC)35001801 
035 |9 AHD8736AM 
040 |a DLC  |c DLC  |d C#P  |d TXA  |d UtOrBLW 
043 |a n-us--- 
049 |a TXAM 
050 0 0 |a Z7164.C81  |b S77 1996  |a HF5635 
082 0 0 |a 016.657  |2 20 
090 |a HF5635  |b .S65 1996 
100 1 |a Spiceland, J. David,  |d 1949- 
245 1 0 |a Directory of dissertations in accounting /  |c by J. David Spiceland, Kay E. Zekany. 
250 |a 2nd ed., Updated and enl. ed. 
264 1 |a Princeton, NJ :  |b Markus Wiener Publishers,  |c 1996. 
300 |a x, 432 pages ;  |c 24 cm. 
336 |a text  |b txt  |2 rdacontent 
337 |a unmediated  |b n  |2 rdamedia 
338 |a volume  |b nc  |2 rdacarrier 
650 0 |a Accounting  |v Bibliography. 
650 0 |a Dissertations, Academic  |z United States  |v Bibliography. 
700 1 |a Zekany, Kay E. 
999 |a MARS 
999 f f |s cff01b64-18b2-30e3-be69-5dd0230b85bf  |i f85131f1-884a-3025-8906-417b77e6d701  |t 0 
952 f f |p ric  |a Texas A&M University  |b Rellis Campus  |c Joint Library Facility  |d Remote Storage  |t 0  |e HF5635 .S65 1996  |h Library of Congress classification  |i unmediated -- volume  |m A14820532480 
998 f f |a HF5635 .S65 1996  |t 0  |l Remote Storage